000 01574nam a2200361 c 4500
003 BLK
005 20250118123022.0
008 180408b bul|||||r ||||||| ||bul||
010 _aKNG00092722000
020 _a978-954-450-157-0
_bиздат.: ЕА
040 _aBLK
041 _aBUL
_cBUL
072 7 _2bullib
_aН30
_xОбществени науки Н
080 _aКапиталовложения. Образуване на капитала. Инвестиции
_b330.322
_x
_z330.322
080 _aФинанси на стопанските организации (вкл. финансиране и управление на финансите). Финанси на стопанския сектор
_b336.6
_x
_z336.6
100 1 _aОрешарски, Пламен Василев
_eпърви автор
_9104824
139 _aОрешарски, Пламен Василев
_bО 69
245 1 0 _aИнвестиции
_bАнализ и управление на инвестиционни портфейли
_cПламен Василев Орешарски.
257 _aBGR
260 Плевен
_bЕА
_c2009
300 _a473 с.
_bс ил., табл., диагр.
_c25 см
380 _a3
500 _aБиблиогр. с. 469-473.
650 4 _aИнвестиции
_9157148
653 _aинвестиции
659 _aН
852 _aЦб 246047
856 4 _qpdf
_u
856 4 _qpdf
_u
942 _cKNG
_n0
_010
944 _aCR
_c20.11.2009
_lИваничка Йорданова
_k30553
944 _aED
_c10.12.2012
_lф /
_k
999 _c88066
_d88066